000 00513nam a2200169 i 4500
001 23996
003 ES-MaACL
005 20230906152954.0
007 t|
008 021213s1939 sp ||||1| spa d
100 1 _aAndre, Marius.
_921542
245 1 3 _aEl fin del imperio español en América /
_cMarius André ; prólogo de E. Vegas Latapie.
260 _a[S.l. :
_bCultura Española,
_c1939.
300 _a201 p. ;
_c18 cm.
700 1 _aVegas Latapie, Eugenio.
_9113646
852 _aES-MaACL
_jA-5253
_bR.18014
999 _c23996
_d23996